Statistics for World War II Bombers

Click here to take the quiz!

General Stats

  • This quiz has been taken 79 times
  • The average score is 8 of 16

Answer Stats

Answer% Correct
B-17 Flying Fortress
91%
Lancaster
89%
B-29 Superfortress
75%
B-24 Liberator
72%
B-25 Mitchell
64%
B-26 Marauder
62%
He111
60%
Ju88
58%
Halifax
43%
Stirling
40%
Manchester
32%
Do 17
30%
G4M Betty
23%
SM. 79
21%
IL-4
19%
SB
9%

Score Distribution

Percentile by Number Answered

Percent of People with Each Score

Your Score History

You have not taken this quiz